Ze staré Šumavy /

Hlavní autor: Pěničková, Květa, 1934-2024
Další autoři: Peter, Johann, 1858-1935, Kalista, Pavel, 1949-2022
Jazyk: Čeština
Vydáno: [Plzeň] : Hana Voděrová- Regionall ;Radek Gális, [2025]
Témata:
Fyzický popis: 96 stran : ilustrace (převážně barevné), portréty ; 16 x 23 cm
Knihy
Uloženo v:
LEADER 02789cam a2200709 i 4500
001 nkc20253710974
003 CZ PrNK
005 20251215120202.0
007 ta
008 250904s2025 xr ac g 000 jacze d
015 |a cnb003710974 
020 |a 978-80-907381-6-4  |q (vázáno) 
040 |a CBA001  |b cze  |d BOA001  |e rda 
041 1 |a cze  |h ger 
043 |a e-xr---  |b e-xr-cc  |2 czenas 
045 |a w5x3 
072 7 |a 821.112.2-3  |x Německá próza, německy psaná  |2 Konspekt  |9 25 
072 7 |a 929  |x Biografie  |2 Konspekt  |9 8 
080 |a 821.112.2-32  |2 MRF 
080 |a 821.112.2-051  |2 MRF 
080 |a 929-058.1  |2 MRF 
080 |a 908(437.31-13)  |2 MRF 
080 |a 929  |2 MRF 
080 |a (437.31-13)  |2 MRF 
080 |a (0:82-322.6)  |2 MRF 
080 |a (084.11)  |2 MRF 
080 |a (047.53)  |2 MRF 
100 1 |a Pěničková, Květa,  |d 1934-2024  |7 xx0336071  |4 aut 
245 1 0 |a Ze staré Šumavy /  |c Johann Peter ; převyprávěla Květa Pěničková ; ilustrace Pavel Kalista 
264 1 |a [Plzeň] :  |b Hana Voděrová- Regionall ;  |a [České Budějovice] :  |b Radek Gális,  |c [2025] 
300 |a 96 stran :  |b ilustrace (převážně barevné), portréty ;  |c 16 x 23 cm 
336 |a text  |b txt  |2 rdacontent 
336 |a statický obraz  |b sti  |2 rdacontent 
337 |a bez média  |b n  |2 rdamedia 
338 |a svazek  |b nc  |2 rdacarrier 
500 |a Název z obálky 
500 |a Částečně přeloženo z němčiny 
600 1 7 |a Peter, Johann,  |d 1858-1935  |7 xx0007890  |2 czenas 
648 7 |a 19.-20. století  |7 ch757015  |2 czenas 
648 7 |a 20.-21. století  |7 ch462155  |2 czenas 
650 0 7 |a německy píšící spisovatelé  |7 ph123478  |y 19.-20. století  |2 czenas 
650 0 7 |a osobnosti  |7 ph115615  |z Česko  |y 20.-21. století  |2 czenas 
650 0 9 |a authors writing in German  |y 19th-20th centuries  |2 eczenas 
650 0 9 |a celebrities  |z Czechia  |y 20th-21st centuries  |2 eczenas 
651 7 |a Šumava (pohoří : oblast)  |7 ge128618  |x vlastivěda a dějiny  |2 czenas 
651 9 |a Šumava Mountains Region  |x local history and geography  |2 eczenas 
655 7 |a německy psané povídky  |7 fd132934  |2 czenas 
655 7 |a autobiografické povídky  |7 fd131849  |2 czenas 
655 7 |a obrazové publikace  |7 fd132947  |2 czenas 
655 7 |a rozhovory  |7 fd133303  |2 czenas 
655 9 |a short stories in German  |2 eczenas 
655 9 |a autobiographical short stories  |2 eczenas 
655 9 |a pictorial works  |2 eczenas 
655 9 |a interviews  |2 eczenas 
700 1 |a Peter, Johann,  |d 1858-1935  |7 xx0007890  |4 ant 
700 1 |a Kalista, Pavel,  |d 1949-2022  |7 xx0337166  |4 ill 
910 2 |a BOA001  |b 2-1554.307 
920 |a 1386906  |z CBA001 
990 |a BK 
995 |a 60 
991 |b 202512  |c NOV 
996 6 |b 2611020282  |c 2-1554.307  |l MZK  |r Sklad / do 1 hodiny  |n 0  |p p.v.  |w 002027029  |u 000010  |a 1  |e BOA001  |j MZK50  |s P